000 00638nam a2200229Ia 4500
003 OSt
005 20220918192937.0
006 a|||||r|||| 00| 0
007 ta
008 220917b |||||||| |||| 00| 0 eng d
024 _a71,220
037 _cTextual
040 _aARTS
_cARTS
_beng
041 _2eng
_aeng
082 _aR3xM72,LD:g, K6
100 _aPurani A B
_925304
245 0 _aAurobindo's life divine
_b Lecture delivered in the U S A
260 _aPondichery
_bSri Aurobindo Ashram Trust
_c1966
300 _a282p.
_ccm.
942 _hR3xM72,LD:g, K6
_cTEXL
_2CC
999 _c197293
_d197293